[Event "7th Lost Boys it"]
[Site "Amsterdam NED"]
[Date "1999.08.13"]
[Round "1"]
[White "Piket, Jeroen"]
[Black "Ljubojevic, Ljubomir"]
[Result "1/2-1/2"]
[WhiteElo "2635"]
[BlackElo "2570"]
[EventDate "1999.08.13"]
[PlyCount "68"]

1.d4 Nf6 2.c4 e6 3.Nf3 d5 4.Nc3 Be7 5.Bg5 h6 6.Bh4 O-O 7.e3 b6 8.Bd3 Nbd7 
9.O-O Bb7 10.Bg3 a6 11.cxd5 exd5 12.Rc1 c5 13.dxc5 Nxc5 14.Bb1 Re8 15.Nd4 
Bf8 16.a3 b5 17.b4 Nce4 18.Nxe4 Nxe4 19.Qd3 Rc8 20.f3 Nf6 21.Bh4 g6 22.
Rxc8 Bxc8 23.Rc1 Bg7 24.Ba2 Bb7 25.Bg3 Nh5 26.Bf2 Be5 27.g4 Nf6 28.h3 Bb8 
29.Nb3 Qd6 30.f4 Ne4 31.Nc5 Rc8 32.Rd1 Nxc5 33.bxc5 Qxc5 34.Bxd5 Bxd5 
1/2-1/2

[Event "7th Lost Boys it"]
[Site "Amsterdam NED"]
[Date "1999.08.14"]
[Round "2"]
[White "Avrukh, Boris"]
[Black "Piket, Jeroen"]
[Result "1/2-1/2"]
[WhiteElo "2588"]
[BlackElo "2635"]
[EventDate "1999.08.13"]
[PlyCount "44"]

1.d4 d5 2.c4 c6 3.Nc3 Nf6 4.e3 g6 5.Nf3 Bg7 6.Bd3 O-O 7.O-O Bg4 8.h3 Bxf3 
9.Qxf3 e6 10.Rd1 Nbd7 11.Bf1 Re8 12.Bd2 Qe7 13.b3 a6 14.a4 Rac8 15.Re1 h5 
16.Rac1 Qd6 17.Red1 e5 18.dxe5 Qxe5 19.Be1 dxc4 20.Bxc4 Qe7 21.Qf4 b5 22.
Bf1 Nc5 1/2-1/2

[Event "7th Lost Boys it"]
[Site "Amsterdam NED"]
[Date "1999.08.15"]
[Round "3"]
[White "Piket, Jeroen"]
[Black "Timman, Jan"]
[Result "1/2-1/2"]
[WhiteElo "2635"]
[BlackElo "2650"]
[EventDate "1999.08.13"]
[PlyCount "50"]

1.d4 Nf6 2.c4 e6 3.Nf3 b6 4.a3 Bb7 5.Nc3 d5 6.Qc2 Be7 7.cxd5 Nxd5 8.Bd2 
O-O 9.e4 Nxc3 10.Bxc3 c5 11.dxc5 bxc5 12.Rd1 Qb6 13.Bc4 Nc6 14.O-O Rad8 
15.Qa4 Qc7 16.Rxd8 Rxd8 17.Re1 Bf6 18.Bxf6 gxf6 19.Bb5 Nd4 20.Nxd4 cxd4 
21.Bd3 a5 22.Qd1 e5 23.f4 Kh8 24.Qh5 Rg8 25.Rf1 1/2-1/2

[Event "7th Lost Boys it"]
[Site "Amsterdam NED"]
[Date "1999.08.15"]
[Round "3"]
[White "Reinderman, Dimitri"]
[Black "Avrukh, Boris"]
[Result "1-0"]
[WhiteElo "2525"]
[BlackElo "2588"]
[EventDate "1999.08.13"]
[PlyCount "106"]

1.Nf3 Nf6 2.c4 g6 3.Nc3 d5 4.cxd5 Nxd5 5.g3 Bg7 6.Bg2 Nb6 7.h4 h6 8.d3 Nc6
9.Nd2 e5 10.Bxc6+ bxc6 11.Nb3 O-O 12.e4 f5 13.Be3 f4 14.gxf4 exf4 15.Bc5 
Rf7 16.Qe2 a5 17.e5 a4 18.Nd4 a3 19.b4 Qe8 20.Rg1 f3 21.Qe4 Nd5 22.Kd2 
Qxe5 23.Rxg6 Qf4+ 24.Kc2 Qxe4 25.dxe4 Nf4 26.Rg3 Ne6 27.Nxe6 Bxe6 28.Bd4 
Rd8 29.Bxg7 Rxg7 30.Rag1 Rd7 31.Rxg7+ Rxg7 32.Rxg7+ Kxg7 33.Kd3 Kg6 34.Ke3
Kh5 35.Kxf3 Kxh4 36.Nb1 Bxa2 37.Nxa3 Bb3 38.Nb1 Bd1+ 39.Kf4 Kh3 40.Nc3 Bb3
41.Ne2 h5 42.Kg5 Kg2 43.Nd4 Bc4 44.f4 Kf2 45.Nf5 Kf3 46.e5 Bd5 47.Nh4+ Ke4
48.Ng6 Bc4 49.Nh4 Bg8 50.Nf5 Kf3 51.e6 Ke4 52.e7 Bf7 53.Ng7 1-0

[Event "7th Lost Boys it"]
[Site "Amsterdam NED"]
[Date "1999.08.16"]
[Round "4"]
[White "Avrukh, Boris"]
[Black "Van der Sterren, Paul"]
[Result "1-0"]
[WhiteElo "2588"]
[BlackElo "2535"]
[EventDate "1999.08.13"]
[PlyCount "48"]

1.d4 Nf6 2.c4 e6 3.Nc3 Bb4 4.f3 d5 5.a3 Bxc3+ 6.bxc3 c5 7.cxd5 Nxd5 8.Qd3 
cxd4 9.cxd4 b6 10.e4 Ba6 11.Qd2 Bxf1 12.Kxf1 Ne7 13.Bb2 O-O 14.Rd1 f5 15.
d5 fxe4 16.Qd4 Nf5 17.Qxe4 exd5 18.Qe6+ Kh8 19.g4 Ne7 20.Nh3 Qd7 21.Qe5 
Qxg4 22.Ng5 Rxf3+ 23.Nxf3 Qxf3+ 24.Ke1 1-0

[Event "7th Lost Boys it"]
[Site "Amsterdam NED"]
[Date "1999.08.16"]
[Round "4"]
[White "Piket, Jeroen"]
[Black "Reinderman, Dimitri"]
[Result "1-0"]
[WhiteElo "2635"]
[BlackElo "2525"]
[EventDate "1999.08.13"]
[PlyCount "64"]

1.d4 Nf6 2.c4 g6 3.Nc3 Bg7 4.e4 d6 5.Nf3 O-O 6.h3 Na6 7.Be3 Qe8 8.a3 e5 9.
dxe5 dxe5 10.b4 b6 11.Be2 Bb7 12.Qc2 c5 13.Rb1 Rc8 14.Nd2 cxb4 15.axb4 Nb8
16.O-O Nc6 17.Qa2 Nd4 18.Rfe1 Qd7 19.Bf1 Bc6 20.Rec1 Rfe8 21.Ra1 Ra8 22.
Nd5 b5 23.Nc7 Nxe4 24.Nxe4 Bxe4 25.Nxe8 Rxe8 26.cxb5 Qf5 27.Rc7 Nc2 28.
Rxf7 Nxb4 29.Rxf5+ Nxa2 30.Bc4+ Kh8 31.Rf7 Nc3 32.Raxa7 1-0

[Event "7th Lost Boys it"]
[Site "Amsterdam NED"]
[Date "1999.08.16"]
[Round "4"]
[White "Timman, Jan"]
[Black "Sokolov, Ivan"]
[Result "1/2-1/2"]
[WhiteElo "2650"]
[BlackElo "2656"]
[EventDate "1999.08.13"]
[PlyCount "132"]

1.Nf3 c5 2.e4 e6 3.d4 cxd4 4.Nxd4 a6 5.Nc3 b5 6.Bd3 Qb6 7.Be3 Bc5 8.Be2 
Nc6 9.Nxc6 Bxe3 10.fxe3 dxc6 11.Qd4 Qxd4 12.exd4 e5 13.dxe5 Ne7 14.a4 Rb8 
15.axb5 axb5 16.Bh5 b4 17.Ne2 Rb5 18.Bf3 Rxe5 19.Ra4 Rb5 20.Nd4 Rb6 21.Kf2
O-O 22.Ra5 Rd8 23.Rd1 Ra6 24.Re5 Ng6 25.Nxc6 Rf8 26.Rc5 Rb6 27.Rd6 Kh8 28.
e5 b3 29.c3 Ra6 30.Na5 Rxd6 31.exd6 Be6 32.Rb5 Rd8 33.Nc6 Rc8 34.Rb8 Rxb8 
35.Nxb8 Ne5 36.Be2 f5 37.Ke3 Nf7 38.d7 Kg8 39.Bb5 Kf8 40.Na6 Ke7 41.Nc5 
Bd5 42.g3 Kd6 43.Kd4 Nd8 44.Ba4 g5 45.c4 Bf3 46.Nxb3 Bd1 47.Kc3 f4 48.gxf4
gxf4 49.Nc5 Bxa4 50.Nxa4 Nc6 51.Nb6 f3 52.Kd3 Kc5 53.Nd5 Ne5+ 54.Ke3 Nxd7 
55.b3 Ne5 56.h4 Nc6 57.Nf6 Kb4 58.Kxf3 Kxb3 59.c5 Kc4 60.Nd7 Kd5 61.Kf4 
Nd4 62.Nf6+ Kxc5 63.Ke4 h6 64.Ng4 h5 65.Nf6 Nc6 66.Nxh5 Kd6 1/2-1/2

[Event "7th Lost Boys it"]
[Site "Amsterdam NED"]
[Date "1999.08.18"]
[Round "5"]
[White "Sokolov, Ivan"]
[Black "Ljubojevic, Ljubomir"]
[Result "1/2-1/2"]
[WhiteElo "2656"]
[BlackElo "2570"]
[EventDate "1999.08.13"]
[PlyCount "106"]

1.d4 Nf6 2.c4 e6 3.Nf3 b6 4.Nc3 Bb7 5.Bg5 h6 6.Bh4 d5 7.cxd5 exd5 8.Qa4+ 
Bc6 9.Bxf6 Qxf6 10.Qb3 Nd7 11.e3 Qe6 12.Rc1 a6 13.Bd3 Bd6 14.O-O Nf6 15.e4
Nxe4 16.Bxe4 dxe4 17.d5 Qf5 18.Nh4 Qe5 19.f4 Qd4+ 20.Kh1 Bd7 21.Nxe4 O-O 
22.Nxd6 cxd6 23.Rc7 Bb5 24.Nf5 Qf6 25.Ne7+ Kh8 26.Rf2 Rad8 27.Qe3 Rd7 28.
Rfc2 Rxc7 29.Rxc7 Qxb2 30.h3 Re8 31.a3 Qf6 32.Kh2 g6 33.Rc8 Kg7 34.Rxe8 
Bxe8 35.Nc8 b5 36.Qxe8 Qxf4+ 37.Kg1 Qc1+ 38.Kf2 Qf4+ 39.Ke2 Qc4+ 40.Ke3 
Qc1+ 41.Kf3 g5 42.Qc6 Qd2 43.Qxd6 Qc3+ 44.Kf2 Qxc8 45.Qe5+ Kg6 46.d6 Qc2+ 
47.Kg1 Qd3 48.Kh2 h5 49.Qe7 Qd4 50.d7 Qf4+ 51.Kg1 Qc1+ 52.Kf2 Qd2+ 53.Kf1 
1/2-1/2

[Event "7th Lost Boys it"]
[Site "Amsterdam NED"]
[Date "1999.08.18"]
[Round "5"]
[White "Van der Sterren, Paul"]
[Black "Piket, Jeroen"]
[Result "1/2-1/2"]
[WhiteElo "2535"]
[BlackElo "2635"]
[EventDate "1999.08.13"]
[PlyCount "82"]

1.d4 d5 2.c4 Nc6 3.cxd5 Qxd5 4.e3 e5 5.Nc3 Bb4 6.Bd2 Bxc3 7.bxc3 Nf6 8.f3 
Qd6 9.Bd3 O-O 10.Ne2 Re8 11.O-O b6 12.Qc2 Be6 13.Rad1 Rad8 14.Kh1 h6 15.a4
Bd7 16.e4 exd4 17.Bf4 Qc5 18.cxd4 Nxd4 19.Qxc5 bxc5 20.Nxd4 cxd4 21.Bxc7 
Rc8 22.Rc1 Bxa4 23.Ba6 d3 24.Bxc8 Rxc8 25.Bf4 Bc2 26.Ra1 a6 27.Ra3 Nd7 28.
Rfa1 f5 29.exf5 Rc5 30.g4 Ne5 31.Ra5 Rxa5 32.Rxa5 Nxf3 33.Rd5 h5 34.h3 
hxg4 35.hxg4 d2 36.Bxd2 Be4 37.Rd8+ Kh7 38.Bc1 Ne5+ 39.Kg1 Nxg4 40.Rf8 Nf6
41.Bb2 1/2-1/2

[Event "7th Lost Boys it"]
[Site "Amsterdam NED"]
[Date "1999.08.19"]
[Round "6"]
[White "Reinderman, Dimitri"]
[Black "Van der Sterren, Paul"]
[Result "1-0"]
[WhiteElo "2525"]
[BlackElo "2535"]
[EventDate "1999.08.13"]
[PlyCount "84"]

1.e4 e5 2.Nf3 Nf6 3.Nxe5 d6 4.Nxf7 Kxf7 5.d4 Nxe4 6.Qh5+ g6 7.Qd5+ Kg7 8.
Qxe4 Nc6 9.c3 Bf5 10.Qf4 Qd7 11.Be3 d5 12.Nd2 h6 13.h3 Re8 14.g4 Bd6 15.
Qf3 Bc2 16.Rc1 Rhf8 17.Qg2 Ba4 18.b3 Bf4 19.bxa4 Bxe3 20.fxe3 Rxe3+ 21.Kd1
Nxd4 22.cxd4 Qxa4+ 23.Nb3 c6 24.Qc2 Qb4 25.Nd2 Rf2 26.Bd3 Qxd4 27.Rf1 Rh2 
28.Bxg6 Ree2 29.Bd3 Rxd2+ 30.Qxd2 Rxd2+ 31.Kxd2 c5 32.Ke2 c4 33.Bb1 Qe5+ 
34.Kf3 Qh2 35.Rce1 Qxh3+ 36.Kf4 Kf6 37.Rh1 Qc3 38.Rxh6+ Kf7 39.Rh7+ Kf8 
40.Rhh1 Qd2+ 41.Kf5 c3 42.Kg6 1-0

[Event "7th Lost Boys it"]
[Site "Amsterdam NED"]
[Date "1999.08.19"]
[Round "6"]
[White "Timman, Jan"]
[Black "Ljubojevic, Ljubomir"]
[Result "1-0"]
[WhiteElo "2650"]
[BlackElo "2570"]
[EventDate "1999.08.13"]
[PlyCount "70"]

1.e4 c5 2.Nf3 e6 3.c3 d5 4.e5 Bd7 5.d4 Nc6 6.Be2 Nge7 7.O-O Ng6 8.g3 Be7 
9.h4 O-O 10.h5 Nh8 11.dxc5 Bxc5 12.c4 f6 13.h6 g6 14.cxd5 Nxe5 15.Qb3 
Nxf3+ 16.Bxf3 e5 17.Nc3 Nf7 18.d6 Kh8 19.Qxb7 Rb8 20.Qc7 Bxd6 21.Qxa7 Qe7 
22.Rd1 f5 23.Be3 f4 24.gxf4 Rxb2 25.Rxd6 Nxd6 26.Rd1 Rf7 27.fxe5 Ne8 28.
Nd5 Qe6 29.Nf4 Rxf4 30.Bxf4 Bc6 31.Rd8 Rb7 32.Bxc6 Rxa7 33.Rxe8+ Qxe8 34.
Bxe8 Rxa2 35.e6 1-0